[Event "WJCC U20 Girls 2019"]
[Site "New Delhi"]
[Date "2019.10.21"]
[Round "7.45"]
[White "Reid, Caitlin"]
[Black "Abdala Cancino, Patricia Anastas"]
[Result "0-1"]
[WhiteElo "1489"]
[BlackElo "1608"]
[Annotator "NA RC"]
[PlyCount "68"]
[EventDate "2019.10.15"]
[EventType "swiss"]
[EventCountry "IND"]
[SourceTitle "playchess.com"]
[Source "ChessBase"]
[SourceQuality "1"]
[TimeControl "40/5400+30:1800+30"]

1. e4 {[%emt 0:00:16]} e5 {[%emt 0:00:26]} 2. Nf3 {[%emt 0:00:15]} Nc6 {[%emt 0:00:23]} 3. d4 {[%emt 0:00:31]} exd4 {[%emt 0:00:09]} 4. Bc4 {[%emt 0:00:11]} Nf6 {[%emt 0:00:06]} 5. e5 {[%emt 0:00:13]} d5 {[%emt 0:00:04]} 6. Bb5 {[%emt 0:00:53]} Ne4 {[%emt 0:00:06]} 7. Nbd2 {[%emt 0:09:31]} Nxd2 {[%emt 0:00:37]} 8. Qxd2 {[%emt 0:02:42]} Bd7 {[%emt 0:01:47]} 9. Bxc6 {[%emt 0:00:38]} bxc6 {[%emt 0:00:45]} 10. Qxd4 {[%emt 0:01:18]} Bf5 {[%emt 0:04:24]} 11. b3 {[%emt 0:01:51]} a5 {[%emt 0:03:25]} 12. O-O {[%emt 0:03:51]} c5 {[%emt 0:06:16]} 13. Qf4 {[%emt 0:19:27]} Qd7 {[%emt 0:07:53]} 14. c3 {[%emt 0:07:46]} Be7 {[%emt 0:00:21]} 15. Re1 {[%emt 0:12:21]} O-O {[%emt 0:01:40]} 16. Ba3 {[%emt 0:01:09]} h6 {[%emt 0:01:24]} 17. Rad1 {[%emt 0:00:26]} c6 {[%emt 0:00:31]} 18. Rd2 {[%emt 0:09:26]} Qe6 {[%emt 0:03:58]} 19. Qe3 {[%emt 0:02:51]} Be4 {[%emt 0:00:58]} 20. Bxc5 {[%emt 0:02:33]} Bxc5 {[%emt 0:00:15]} 21. Qxc5 {[%emt 0:00:03]} Bxf3 {[%emt 0:02:03]} 22. gxf3 {[%emt 0:00:08]} f6 {[%emt 0:00:41]} 23. Qd6 {[%emt 0:05:13]} Qf5 {[%emt 0:03:35]} 24. Re3 {[%emt 0:05:04]} fxe5 {[%emt 0:11:03]} 25. Qxc6 {[%emt 0:02:45]} d4 {[%emt 0:01:23]} 26. Qd5+ {[%emt 0:03:24]} Kh8 {[%emt 0:01:03]} 27. cxd4 {[%emt 0:01:39]} Qb1+ {[%emt 0:01:06]} 28. Kg2 {[%emt 0:00:37]} Ra6 {[%emt 0:00:54]} 29. Qe4 {[%emt 0:05:47]} Rg6+ {[%emt 0:04:10]} 30. Kh3 {[%emt 0:00:08]} Qf1+ {[%emt 0:00:23]} 31. Kh4 {[%emt 0:00:19]} Rf4+ {[%emt 0:00:37]} 32. Qxf4 {[%emt 0:00:05]} exf4 {[%emt 0:00:32]} 33. Re5 {[%emt 0:00:52]} Qg2 {[%emt 0:00:30]} 34. Kh5 {[%emt 0:00:17]} Kh7 {[%emt 0:00:13]} 0-1

[Event "WJCC U20 Girls 2019"]
[Site "New Delhi"]
[Date "2019.10.21"]
[Round "7.46"]
[White "Yaakub, Nov Genevia Pslam"]
[Black "Djuric, Anja"]
[Result "1-0"]
[WhiteElo "1316"]
[BlackElo "1493"]
[Annotator "NA"]
[PlyCount "154"]
[EventDate "2019.10.15"]
[EventType "swiss"]
[EventCountry "IND"]
[SourceTitle "playchess.com"]
[Source "ChessBase"]
[SourceQuality "1"]
[TimeControl "40/5400+30:1800+30"]

1. e4 {[%emt 0:00:00]} d6 {[%emt 0:00:08]} 2. Nf3 {[%emt 0:00:27]} Nf6 {[%emt 0:00:36]} 3. Nc3 {[%emt 0:00:35]} Bg4 {[%emt 0:00:21]} 4. h3 {[%emt 0:00:55]} Bh5 {[%emt 0:00:08]} 5. Be2 {[%emt 0:02:01]} e5 {[%emt 0:00:18]} 6. d4 {[%emt 0:02:55]} Nc6 {[%emt 0:01:13]} 7. Be3 {[%emt 0:05:05]} Bxf3 {[%emt 0:02:11]} 8. Bxf3 {[%emt 0:00:15]} exd4 {[%emt 0:00:21]} 9. Bxd4 {[%emt 0:00:19]} Nxd4 {[%emt 0:00:33]} 10. Qxd4 {[%emt 0:00:33]} Be7 {[%emt 0:00:33]} 11. O-O {[%emt 0:02:40]} O-O {[%emt 0:00:16]} 12. Rad1 {[%emt 0:02:13]} Nd7 {[%emt 0:02:14]} 13. Rfe1 {[%emt 0:02:56]} Ne5 {[%emt 0:01:02]} 14. Be2 {[%emt 0:05:44]} Bf6 {[%emt 0:02:04]} 15. Qe3 {[%emt 0:00:56]} Nc6 {[%emt 0:01:12]} 16. Kh1 {[%emt 0:07:46]} Nb4 {[%emt 0:06:12]} 17. Qd2 {[%emt 0:03:10]} b6 {[%emt 0:18:17]} 18. a3 {[%emt 0:01:58]} Nc6 {[%emt 0:01:47]} 19. f4 {[%emt 0:06:24]} Nd4 {[%emt 0:08:21]} 20. Bd3 {[%emt 0:03:32]} Re8 {[%emt 0:02:10]} 21. Ne2 {[%emt 0:18:02]} Nxe2 {[%emt 0:00:52]} 22. Rxe2 {[%emt 0:00:12]} Bxb2 {[%emt 0:00:44]} 23. Qb4 {[%emt 0:00:22]} Bf6 {[%emt 0:01:05]} 24. e5 {[%emt 0:01:05]} Bh4 {[%emt 0:07:19]} 25. f5 {[%emt 0:00:44]} Rxe5 {[%emt 0:02:24]} 26. Rxe5 {[%emt 0:01:45]} dxe5 {[%emt 0:00:12]} 27. Qe4 {[%emt 0:00:42]} Bf6 {[%emt 0:01:06]} 28. Be2 {[%emt 0:19:27]} Qf8 {[%emt 0:01:02]} 29. Qc6 {[%emt 0:00:59]} Rd8 {[%emt 0:01:26]} 30. Rxd8 {[%emt 0:07:53]} Qxd8 {[%emt 0:00:07]} 31. Bd3 {[%emt 0:01:40]} h6 {[%emt 0:00:24]} 32. a4 {[%emt 0:01:16]} a5 {[%emt 0:00:13]} 33. Qe4 {[%emt 0:01:00]} c5 {[%emt 0:02:39]} 34. Qc6 {[%emt 0:00:46]} Kh7 {[%emt 0:04:14]} 35. Qe4 {[%emt 0:00:29]} Kg8 {[%emt 0:05:15]} 36. Qc6 {[%emt 0:00:07]} Bg5 {[%emt 0:04:46]} 37. Qe4 {[%emt 0:00:09]} Kf8 {[%emt 0:04:55]} 38. Qxe5 {[%emt 0:00:41]} Bf6 {[%emt 0:03:12]} 39. Qe4 {[%emt 0:00:04]} Bd4 {[%emt 0:01:50]} 40. Qc6 {[%emt 0:00:49]} Be5 {[%emt 0:02:55]} 41. Qe4 {[%emt 0:30:35]} Bc7 {[%emt 0:32:17]} 42. Qc6 {[%emt 0:01:07]} Kg8 {[%emt 0:00:39]} 43. Qe4 {[%emt 0:00:24]} f6 {[%emt 0:00:40]} 44. Qc4+ {[%emt 0:00:35]} Kh7 {[%emt 0:00:43]} 45. Qg4 {[%emt 0:00:15]} Qe7 {[%emt 0:00:26]} 46. Qe2 {[%emt 0:00:52]} Qd6 {[%emt 0:00:32]} 47. Kg1 {[%emt 0:00:32]} Qd4+ {[%emt 0:01:37]} 48. Kh1 {[%emt 0:00:11]} Qa1+ {[%emt 0:00:41]} 49. Qf1 {[%emt 0:00:03]} Qxa4 {[%emt 0:00:18]} 50. Qf3 {[%emt 0:01:09]} Qa1+ {[%emt 0:00:23]} 51. Bf1 {[%emt 0:00:27]} Qe5 {[%emt 0:00:17]} 52. Kg1 {[%emt 0:00:20]} Qf4 {[%emt 0:02:11]} 53. Qh5 {[%emt 0:00:49]} Qg5 {[%emt 0:02:01]} 54. Qf3 {[%emt 0:00:11]} a4 {[%emt 0:00:31]} 55. Bb5 {[%emt 0:00:29]} Qc1+ {[%emt 0:00:28]} 56. Bf1 {[%emt 0:00:14]} a3 {[%emt 0:00:23]} 57. Qg4 {[%emt 0:00:20]} Qe3+ {[%emt 0:00:20]} 58. Kh1 {[%emt 0:00:06]} Qg3 {[%emt 0:00:13]} 59. Qxg3 {[%emt 0:00:31]} Bxg3 {[%emt 0:00:04]} 60. Bc4 {[%emt 0:00:08]} b5 {[%emt 0:00:13]} 61. Ba2 {[%emt 0:00:09]} h5 {[%emt 0:00:16]} 62. Kg1 {[%emt 0:00:06]} Kh6 {[%emt 0:00:07]} 63. Kf1 {[%emt 0:00:21]} Kg5 {[%emt 0:00:08]} 64. Ke2 {[%emt 0:00:36]} Kxf5 {[%emt 0:00:08]} 65. Kd3 {[%emt 0:00:13]} Kf4 {[%emt 0:00:40]} 66. Ke2 {[%emt 0:00:25]} Ke4 {[%emt 0:00:07]} 67. Kd2 {[%emt 0:00:04]} Bf4+ {[%emt 0:00:45]} 68. Kc3 {[%emt 0:01:56]} b4+ {[%emt 0:00:17]} 69. Kc4 {[%emt 0:00:12]} Bd6 {[%emt 0:00:41]} 70. c3 {[%emt 0:01:00]} Ke3 {[%emt 0:00:23]} 71. cxb4 {[%emt 0:00:42]} cxb4 {[%emt 0:00:09]} 72. Kb3 {[%emt 0:01:00]} Kf2 {[%emt 0:00:16]} 73. g4 {[%emt 0:00:08]} hxg4 {[%emt 0:00:09]} 74. hxg4 {[%emt 0:00:03]} Kg3 {[%emt 0:00:10]} 75. Bb1 {[%emt 0:00:10]} Kxg4 {[%emt 0:00:08]} 76. Bd3 {[%emt 0:00:18]} g5 {[%emt 0:00:32]} 77. Be2+ {[%emt 0:00:06]} Kf4 {[%emt 0:00:14]} 1-0

[Event "WJCC U20 Girls 2019"]
[Site "New Delhi"]
[Date "2019.10.22"]
[Round "8.1"]
[White "Shuvalova, Polina"]
[Black "Assaubayeva, Bibisara"]
[Result "1-0"]
[WhiteElo "2412"]
[BlackElo "2381"]
[Annotator "TA"]
[PlyCount "121"]
[EventDate "2019.10.15"]
[EventType "swiss"]
[EventCountry "IND"]
[SourceTitle "playchess.com"]
[Source "ChessBase"]
[SourceQuality "1"]

{[%evp 19,121,27,27,0,39,43,43,43,80,78,62,26,26,23,42,16,131,129,138,134,187,191,192,183,182,181,177,189,213,206,205,182,195,193,204,197,208,0,206,177,177,177,335,183,263,268,272,299,289,261,278,277,257,229,234,220,296,289,278,258,308,302,323,315,481,497,482,487,496,462,460,484,483,362,489,481,473,489,562,570,809,811,850,757,827,780,4132,3949,1615,3940,2265,1790,2033,1952,1786,800,1947,1400,1798,1671,1555,1495,5608,5256]} 1. e4 c5 2. Nf3 d6 3. d4 cxd4 4. Nxd4 Nf6 5. Nc3 a6 6. Be3 e5 7. Nb3 Be6 8. f3 Nbd7 9. g4 b5 10. g5 Nh5 11. Nd5 {B90: Sicilian Najdorf: Unusual White 6th moves, 6 Be3 Ng4 and 6 Be3 e5} (11. Qd2 Be7 12. O-O-O b4 13. Nd5 Bxd5 14. Qxd5 O-O 15. Kb1 Qc7 16. Bh3 Nf4 17. Bxf4 Nb6 18. Qa5 exf4 19. Rd4 Ra7 20. Rxb4 {½-½ (49) Pourramezanali,A (2529)-Safarli,E (2681) Bandar e Anzali 2019}) 11... Bxd5 (11... h6 {feels hotter.} 12. gxh6 g6 13. Qd2 Qh4+ 14. Bf2 Qd8) 12. Qxd5 Be7 13. Qd2 $146 {White is slightly better.} ({Predecessor:} 13. Rg1 O-O 14. O-O-O Qc7 15. Kb1 Nb6 16. Qd2 d5 17. exd5 Nxd5 18. Bd3 Rad8 {½-½ (46) Khanin,S (2494)-Drygalov,S (2433) Ekaterinburg 2018}) 13... Nf8 14. O-O-O Ne6 15. Rg1 O-O 16. Kb1 Qc7 17. h4 a5 (17... Nhf4 $11) 18. Bxb5 $16 a4 19. Nc1 Rfb8 (19... Qb7 $16) 20. c4 $18 Qb7 21. Ne2 Nc7 22. Nc3 a3 23. b3 Bf8 24. Rg2 g6 25. Qc1 Qc8 26. Rh2 Kh8 27. Ka1 Qb7 28. Kb1 Qc8 $1 29. Nd5 Nxd5 30. Rxd5 ({Much less strong is} 30. exd5 $6 Qf5+ 31. Qc2 Qxf3 $14) 30... Qe6 $2 (30... Kg8 31. Qf1 Ng7) 31. Rd1 (31. Bc6 $142) 31... f5 (31... Qc8 {is a better defense.} 32. Bd2 Ng7) 32. Bc6 Ra6 33. Bd5 Qc8 34. exf5 Qxf5+ 35. Qc2 Qc8 36. c5 dxc5 37. Bc4 Rd6 38. Rxd6 Bxd6 39. Rd2 Qf8 40. Qd3 Rb6 41. Qd5 Nf4 (41... Ng7 $142 42. Rd3 Ne8) 42. Qe4 {Threatens to win with Bxc5!} Nh5 {[#]} 43. Bxc5 $1 {[%mdl 576] Deflection} Bxc5 44. Qxe5+ Ng7 {[#] White must now prevent ...Bd6.} 45. Qxc5 $1 {[%cal Rc5f8][%mdl 512]} Rb8 ({Inferior is} 45... Qxc5 46. Rd8+ Ne8 47. Rxe8+ Qf8 48. Rxf8+ Kg7 49. Rg8#) 46. Qxf8+ Rxf8 {[%mdl 4096] Endgame KRB-KRN} 47. b4 {[%cal Bb3b4,Bb4b5,Bb5b6,Bb6b7][%mdl 32] White is clearly winning.} Nf5 48. b5 Nxh4 {[#]} 49. f4 $1 {[%mdl 512]} h5 (49... Rxf4 50. Rd8+) 50. b6 Nf5 51. b7 Rb8 52. Rd7 h4 53. Bd5 h3 54. Kc1 h2 55. Kd2 Re8 56. Kd3 Rb8 57. Bh1 (57. Kc3 $142 Rf8 58. Bf3) 57... Ng3 58. Bf3 Nf5 59. Kc4 Kg8 60. Kc5 Kf8 61. Rh7 {Accuracy: White = 74%, Black = 43%.} 1-0

[Event "WJCC U20 Girls 2019"]
[Site "New Delhi"]
[Date "2019.10.22"]
[Round "8.2"]
[White "Divya Deshmukh"]
[Black "Alinasab, Mobina"]
[Result "1/2-1/2"]
[WhiteElo "2358"]
[BlackElo "2239"]
[Annotator "TA"]
[PlyCount "160"]
[EventDate "2019.10.15"]
[EventType "swiss"]
[EventCountry "IND"]
[SourceTitle "playchess.com"]
[Source "ChessBase"]
[SourceQuality "1"]

{[%evp 16,160,20,16,27,0,0,0,18,26,25,4,13,13,21,8,9,0,8,7,4,-12,0,-7,5,4,6,-47,0,-17,0,-111,-113,-101,-112,-111,-119,-108,-112,-114,-117,-119,-108,-179,-169,-168,-169,-216,-81,-181,-179,-241,-202,-248,-240,-256,-230,-310,-235,-329,-321,-517,-502,-597,-591,-575,-560,-705,-689,-639,-440,-399,-399,-432,-288,-602,-572,-701,-819,-775,-773,-1090,-91,-83,-91,-91,-92,-317,0,0,0,-259,-276,-29981,-29979,-29982,-29983,-29975,-2629,-29976,-2591,-2447,-1075,-29988,0,-1080,0,-739,-176,-257,-255,-255,-248,-541,-536,-477,-382,-362,-29,-37,-28,-79,-81,-88,-88,-94,-16,-20,-16,-16,-16,-16,-20,-43,-43,-189,0,0,0,0,0,0,0,0,0,0,0]} 1. e4 c5 2. Nf3 d6 3. d4 cxd4 4. Nxd4 Nf6 5. Nc3 a6 6. g3 g6 7. Bg2 Bg7 8. O-O O-O 9. a4 Bd7 {B91: Sicilian Najdorf: 6 g3} (9... Nc6 10. Nxc6 bxc6 11. e5 dxe5 12. Bxc6 Rb8 13. Qe2 Qd6 14. Bf3 Bf5 15. Rd1 Qc7 16. Qxa6 Bxc2 17. Re1 {0-1 (39) Deepan Chakkravarthy,J (2519)-Paravyan,D (2638) Pardubice 2018}) 10. a5 Nc6 11. Nxc6 Bxc6 12. Be3 $146 ({Predecessor:} 12. Nd5 Bxd5 13. exd5 Rc8 14. Be3 Nd7 15. c3 Ne5 16. Bh3 f5 17. Bd4 {0-1 (61) Sandu,M (2325)-Vajda,S (2413) Plovdiv 2008}) 12... Nd7 13. Bd4 Bxd4 14. Qxd4 b6 15. b4 Qc7 16. Rfe1 bxa5 17. Rxa5 Rfc8 18. Bh3 Ne5 {aiming for ...Nf3+.} 19. Re3 $1 e6 20. f4 Nd7 21. Bf1 (21. Rd3 $11) 21... Bb7 22. Ra1 Nb6 23. Ra5 (23. f5 $11) 23... Nc4 $1 $36 {[%cal Rc4e3][%mdl 2048] Black has strong initiative.} 24. Bxc4 Qxc4 25. Qxd6 Rc6 $1 {[%cal Rc6d6]} 26. Qd2 Qxb4 27. Ra4 Qb6 28. Rd4 Rac8 {[%cal Ba8c8,Bc8c4,Bc4d4][%mdl 32]} 29. Kg2 (29. Na4 $17 {keeps fighting.} Qb5 30. c3 (30. Rb3 Rxc2 31. Rd8+ Kg7 $17)) 29... Rc4 $19 30. Red3 Kg7 31. Kh3 Qb2 (31... Qa5 $19 32. Rxc4 Rxc4) 32. Rxc4 (32. f5 $17 Rxd4 33. f6+ $1 {[%mdl 576] Decoy} Kxf6 34. Rf3+ Kg7 35. Qxd4+ Kg8 36. Rxf7 $1 {[%mdl 512]} Qxc3 37. Qxc3 Rxc3 38. Rxb7) 32... Rxc4 33. Re3 (33. e5 $142) 33... Qb4 34. Qe1 a5 35. Qa1 Kg8 $1 36. g4 Rd4 ({But not} 36... Bxe4 37. Nxe4 Rxe4 38. Rxe4 $19) 37. Qe1 a4 38. Qg3 $2 (38. Qb1) 38... Bxe4 39. Ne2 Rd2 40. Qe1 f5 41. g5 Qd6 42. Rc3 {Rc8+ would now be nice for White.} Rxc2 43. Rxc2 Bxc2 44. Qa5 Bd1 45. Qa8+ $2 (45. Nc3 Qd7 46. Nxd1 Qxd1 47. Qa8+ Kf7 48. Qb7+ Ke8 49. Qc8+ Ke7 50. Qc5+ Ke8 51. Qc6+ Qd7 52. Qc3) 45... Kf7 46. Ng3 Bg4+ 47. Kh4 a3 48. Qh8 Qxf4 $2 (48... a2 $19 {is more deadly.} 49. Qxh7+ Kf8 50. Qh6+ Ke7 51. Qg7+ Kd8 52. Qg8+ Kd7 53. Qg7+ Kc6 54. Qc3+ Qc5) 49. Qf6+ $17 Ke8 50. Qxe6+ Kd8 51. Qb6+ $2 (51. Qd5+ $17 Kc8 52. Qc6+ Qc7 53. Qe8+ Kb7 54. Qb5+ Ka8 55. Qa6+ Kb8 56. Qb5+ Kc8 57. Qe8+ Kb7 58. Qb5+ Ka7 59. Qa4+ Kb7 60. Qb5+) 51... Kd7 $2 (51... Qc7 $1 $19 {[%cal Rc7b6]} 52. Qf6+ Qe7 53. Qb6+ Ke8 54. Qc6+ Qd7 55. Qa8+ Kf7 56. Qxa3 h6 $1 {[%mdl 512]} 57. Qb3+ Kg7 58. gxh6+ Kh7) 52. Qb5+ $1 $11 Ke6 53. Qe8+ $2 {[%mdl 8192]} (53. Qb3+ $1 $11 {and White has nothing to worry.} Kd7 54. Qb5+ Kc8 55. Qc6+ Qc7 56. Qe8+ Kb7 57. Qb5+ Kc8 58. Qe8+ Kb7 59. Qb5+ Ka7 60. Qa4+ Kb6 61. Qb3+ Kc6 62. Qxa3) 53... Kd5 $19 54. Qb5+ $2 (54. Qa8+ $19 Kd4 55. Qa7+ {[%mdl 64] Double Attack} Kd3 56. Qxa3+ Kd2 57. Qa5+ Ke3 58. Qe1+ Be2+ 59. Kh3) 54... Kd4 $1 55. Qb4+ Ke3 56. Qe1+ Be2+ 57. Kh3 Qg4+ (57... Qf3 $142 58. Qg1+ Kd2 59. Qd4+ Ke1 60. Kh4 Qg4+ 61. Qxg4 Bxg4 62. h3 a2 63. hxg4 a1=Q 64. gxf5 Kf2 65. fxg6 hxg6 66. Kg4 Qe5 67. Nf1 Qe4+ 68. Kh3 Qf3+ 69. Kh4 Qh5#) 58. Kg2 Qf3+ 59. Kh3 Qg4+ (59... a2 $142 60. Qg1+ Kd3 61. Qe1 Bf1+ $1 {[%mdl 576] Promotion} 62. Qxf1+ Qxf1+ 63. Nxf1 a1=Q 64. Kg2 Qb2+ 65. Kg3 Qe2 66. h3 Qxf1 67. h4 Qg1+ 68. Kf3 Qh2 69. h5 f4 70. hxg6 Qg3#) 60. Kg2 Qf3+ $2 (60... Kd3 $19 61. Qb1+ Kc3 62. Qc1+ Kb3 63. Qb1+ Ka4 64. Qc2+ Kb4 65. Qd2+ Kb3 66. Qe3+ Kb2 67. Qb6+ Kc2 68. Qc5+ Kb3 69. Qb6+ Kc2 70. Qc5+ Kb3 71. Qb6+ Qb4) 61. Kg1 $2 {[%mdl 8192]} (61. Kh3 $11 a2 62. Qc3+ Kf2 63. Qd4+ Qe3 64. Qb2 f4 {[%mdl 64] Pin} 65. Qxe2+ Qxe2 66. Nxe2 a1=Q 67. Nxf4 Kf3 68. Ne6 Qf1+ 69. Kh4 Qf2+ 70. Kh3 Qg2+ 71. Kh4 Qxh2#) 61... a2 $2 (61... f4 62. Qc1+ Kd4 63. Qa1+ Kd5 64. Nxe2 Qxe2 65. Qxa3 Qe3+ 66. Qxe3 fxe3) 62. Qc1+ Kd4 {( -> ...Qe3+)} 63. Qb2+ {[#]} Kc5 $1 64. Qxa2 $2 (64. Nxe2 {is the only way for White.} Qxe2 65. Qxe2 a1=Q+ 66. Kg2) 64... Qe3+ 65. Kg2 {[#]} Bf3+ $1 66. Kf1 {Hoping for Qa7+.} Qd3+ $2 (66... f4 $19 67. Qa6 Bc6) 67. Kf2 $11 {And now Qa5+ would win.} Bc6 {Strongly threatening ...Qf3+.} 68. Qa5+ (68. Qa7+ $11 {remains equal.} Kb4 69. Qe7+ Kb5 70. Qe5+ Kb6 71. Ne2) 68... Bb5 $17 69. Qc7+ Kb4 70. Qe7+ Kb3 ({Black should try} 70... Ka4 $17 71. Ne2 Qxe2+ 72. Qxe2 Bxe2 73. Kxe2 Kb4) 71. Qe3 $1 $11 Kc2 72. Qxd3+ $1 Kxd3 {[%mdl 4096] Endgame KB-KN} 73. Kf3 Kd2 74. Kf4 Bd3 75. h4 (75. h3 $15) 75... Ke1 $2 ({Black should play} 75... Be2 $19 76. h5 Bxh5 77. Nf1+ Kc3) 76. Ke3 {The position is equal.} Bb5 77. h5 Bc4 78. hxg6 hxg6 {[#]} 79. Nxf5 $1 {[%mdl 512]} gxf5 80. Kf4 Be6 {Accuracy: White = 34%, Black = 53%.} 1/2-1/2

[Event "WJCC U20 Girls 2019"]
[Site "New Delhi"]
[Date "2019.10.22"]
[Round "8.3"]
[White "Berdnyk, Mariia"]
[Black "Antova, Gabriela"]
[Result "1/2-1/2"]
[WhiteElo "2349"]
[BlackElo "2318"]
[Annotator "TA"]
[PlyCount "108"]
[EventDate "2019.10.15"]
[EventType "swiss"]
[EventCountry "IND"]
[SourceTitle "playchess.com"]
[Source "ChessBase"]
[SourceQuality "1"]

{[%evp 19,108,23,38,17,49,30,26,30,52,40,33,7,7,10,27,19,33,33,64,37,85,84,80,74,122,108,113,124,116,125,145,65,118,122,151,153,156,121,115,112,141,127,133,80,80,80,81,80,81,82,78,78,88,88,81,66,78,87,82,78,78,78,117,117,117,117,117,117,117,117,117,121,121,8,8,8,8,8,8,10,65,8,8,8,8,0,0,0,10,10,10]} 1. Nf3 d5 2. g3 Nf6 3. Bg2 e6 4. c4 c5 5. cxd5 exd5 6. d4 Nc6 7. O-O Be7 8. Nc3 O-O 9. Be3 c4 10. Ne5 Be6 11. b3 {D34: Tarrasch Defence: 6 g3 Nf6 7 Bg2 Be7} (11. Nxc4 $5 dxc4 12. d5 $14) 11... Qa5 12. Nxc6 (12. Bd2 {seems wilder.} Qb6 13. e3 cxb3 14. axb3 g6 15. Qe2) 12... bxc6 13. Na4 {White has an edge.} Rac8 14. Nc5 {[#]} Bf5 $146 ({Predecessor:} 14... Bxc5 15. dxc5 Rfe8 16. Bd4 Bf5 17. bxc4 dxc4 18. Bxf6 gxf6 {0-1 (32) Bykhovsky,A (2496)-Akobian,V (2647) chess.com INT 2018}) 15. Qc1 c3 16. a3 c2 17. b4 Qb5 18. Nd3 $1 Bxd3 19. exd3 a5 20. Qxc2 axb4 21. axb4 Qxb4 22. Bh3 {And now Rfb1 would win.} Ra8 23. Qxc6 Rxa1 24. Rxa1 h6 25. Bg2 (25. Ra7 $16) 25... Qb3 (25... Ng4 $1 $14) 26. h3 Kh7 27. Ra7 Bb4 28. Kh2 {Hoping for Rb7.} Qxd3 29. Bxd5 Bd2 30. Qc4 Qf5 31. g4 ({Don't play} 31. Bxd2 $6 Qxf2+ 32. Bg2 Qxd2 $11) (31. Rxf7 $6 Bxe3 32. Be4 Qxe4 $11) (31. Bg2 $142 Bxe3 32. fxe3) 31... Qxd5 $16 32. Qxd5 Nxd5 33. Bxd2 {[%mdl 4096] Endgame KRB-KRN} f5 34. Kg3 fxg4 35. hxg4 Nf6 {Threatens to win with ...Ne4+.} 36. f3 Rd8 37. Bc3 Nd5 38. Ba5 Rd6 39. Kf2 h5 40. gxh5 Rh6 41. Bc7 $1 {[%cal Rc7e5]} Nxc7 42. Rxc7 Rxh5 {KR-KR} 43. Ke3 $1 Kg6 44. Ke4 Rh1 {[#]} 45. Rc6+ $1 Kf7 {[#]} 46. f4 (46. Ke5 $1 $16) 46... g6 $1 $11 47. Rc3 Kf6 48. d5 Re1+ 49. Re3 Rd1 ({Black should try} 49... Ra1 $11) 50. Rd3 (50. Rf3 $14) 50... Re1+ {The position is equal.} 51. Kd4 Kf5 52. d6 {d7 would kill now.} Ke6 53. Rg3 Kxd6 54. Rxg6+ Ke7 {Accuracy: White = 52%, Black = 54%.} 1/2-1/2

[Event "WJCC U20 Girls 2019"]
[Site "New Delhi"]
[Date "2019.10.22"]
[Round "8.4"]
[White "Tsolakidou, Stavroula"]
[Black "Solozhenkina, Elizaveta"]
[Result "1-0"]
[WhiteElo "2431"]
[BlackElo "2283"]
[Annotator "TA"]
[PlyCount "65"]
[EventDate "2019.10.15"]
[EventType "swiss"]
[EventCountry "IND"]
[SourceTitle "playchess.com"]
[Source "ChessBase"]
[SourceQuality "1"]

{[%evp 13,65,0,0,0,0,0,39,33,33,33,16,0,0,-30,-18,-27,-25,-33,-40,-39,-26,-45,0,0,0,0,-13,0,216,221,285,303,300,308,299,245,297,183,314,300,458,454,513,437,518,518,504,500,432,418,941,952,29975,29975]} 1. Nf3 Nf6 2. c4 e6 3. g3 d5 4. d4 Be7 5. Bg2 O-O 6. O-O dxc4 7. Qc2 b5 8. a4 {E05: Open Catalan: 5 Nf3 Be7} b4 9. Nfd2 Nd5 10. Nxc4 {White is slightly better.} c5 11. dxc5 Ba6 12. Rd1 {[#] Black must now prevent e4.} Nd7 13. b3 $146 {And now e4 would win.} ({Predecessor:} 13. c6 Rc8 14. Ne3 Ne5 15. Nxd5 exd5 16. Rxd5 Rxc6 17. Nc3 Qc7 18. Bf4 f6 19. Rad1 bxc3 20. Bxe5 fxe5 21. Rd7 Qb6 22. Bxc6 {½-½ (22) Xiong,J (2703)-Fernandez,D (2466) Irving 2019}) 13... Rc8 14. e4 $1 {c6 is the strong threat.} N5f6 $1 (14... Bxc4 $6 15. bxc4 Nc3 16. Nxc3 $16) 15. e5 {Hoping for c6.} Nd5 $1 16. Bb2 Nxc5 17. Nbd2 Qc7 18. Rac1 $36 {[%mdl 2048] White has good play.} Rfd8 19. Bf1 $1 Qb8 20. Bd4 Rd7 $2 {[#]} (20... Rc7 $11 {and Black stays safe.}) 21. Nd6 $1 $18 {[%mdl 512] aiming for Bxa6.} Bxf1 (21... Bxd6 22. Bxa6) 22. Nxc8 (22. Kxf1 Bxd6 23. exd6 Nc3 $14) 22... Qxc8 23. Nxf1 {[%cal Bd2f1,Bf1e3,Be3c4,Bc4d6][%mdl 32]} (23. Rxf1 $6 Rc7 $18) 23... Rc7 {Black wants to play ...Nxb3.} 24. Qb1 h5 25. h4 g6 (25... Nd7 $142 26. Rxc7 Qxc7) 26. Ne3 Nb6 (26... a5 {was worth a try.} 27. Nxd5 exd5) 27. Nc4 Ncxa4 {[%cal Rb6c4]} 28. Nd6 Bxd6 29. exd6 (29. bxa4 Bc5 $14) 29... Rxc1 30. Qxc1 {White threatens Qh6 and mate.} (30. Rxc1 Nc3 $18) 30... Nc3 {Threatens to win with ...Ne2+.} 31. Kh2 {Intending Qh6! and mate.} ({Less strong is} 31. Qh6 Ne2+ 32. Kh2 Nxd4 $18) 31... e5 ({Worse is} 31... Nxd1 32. Qh6 e5 33. Bxe5 Qh3+ {[%mdl 64] Decoy} 34. Kxh3 Nxf2+ 35. Kg2 f6 36. Qxg6+ {[%mdl 64] Double Attack} Kf8 37. Qxf6+ {[%mdl 64] Double Attack} Kg8 38. Qg7#) (31... Nd7 $142 32. Qc2 (32. Qh6 e5 $18) 32... e5) 32. Bxb6 {White wants to mate with d7.} axb6 33. d7 {Accuracy: White = 86%, Black = 52%.} 1-0